000 00554cam a2200217ua 4500
001 8334
008 150128n ii |||gr||||Z||||||eng
020 _a9788175961722
040 _cMAIN
041 _aeng
082 _a808.84
100 _aSharma, C.,
_eEditor.,
245 1 _aOnce upon a time
_cEdited by Charu sharma
250 _a1st.
260 _aNew Delhi:
_bCambridge,
_c2008.
300 _a286p.
653 _aRhetoric & collections of literature
653 _aEnglish essays collections
700 _aVahali, D. O.,
_eEditor.
942 _cBK
999 _c7445
_d7445